Komoditní trhy: Textil a oděvy

Charakteristika svetového trhu s textilom a odevami. Rozdelenie trhu na dve skupiny krajín - dovozcovia a vývozcovia. Politické a ekonomické faktory ovplyvňujúce vývoj svetového textilného a odevného trhu. Trendy presunu textilnej výroby do krajín tretieho sveta. Nová stratégia pre českých vývozcov....

Ausführliche Beschreibung

Gespeichert in:
Bibliographische Detailangaben
1. Verfasser: Tichý, M.
Format: Buchkapitel
Sprache:Tschechisch
Schlagworte:
Tags: Tag hinzufügen
Keine Tags, Fügen Sie das erste Tag hinzu!

MARC

LEADER 00000naa a2200000 4500
001 r025893
005 20230908093510.1
041 0 |a cze 
044 |a CZ 
245 1 0 |a Komoditní trhy: Textil a oděvy  |c M. Tichý 
520 |a Charakteristika svetového trhu s textilom a odevami. Rozdelenie trhu na dve skupiny krajín - dovozcovia a vývozcovia. Politické a ekonomické faktory ovplyvňujúce vývoj svetového textilného a odevného trhu. Trendy presunu textilnej výroby do krajín tretieho sveta. Nová stratégia pre českých vývozcov. Modernizácia a investície do výroby. 
610 2 0 |a textil 
610 2 0 |a odevy 
610 2 0 |a výrobky textilné 
610 2 0 |a priemysel textilný 
610 2 0 |a trh svetový 
610 2 0 |a komodity 
610 2 0 |a vývoz 
610 2 0 |a dovoz 
610 2 0 |a distribúcia 
610 2 0 |a Európska únia 
610 2 0 |a Česko 
610 2 0 |a modernizácia 
610 2 0 |a investície 
100 1 |a Tichý, M.